Una lucha a cielo abierto: el caso del frente Amplio Opositor a Minera San Xavier /

Wedi'i Gadw mewn:
Manylion Llyfryddiaeth
Prif Awdur: Lamberti, María Julieta
Fformat: Texto
Tagiau: Ychwanegu Tag
Dim Tagiau, Byddwch y cyntaf i dagio'r cofnod hwn!

MARC

LEADER 00000 a a2200000 04500
001 44762
003
040
100 |a Lamberti, María Julieta  
245 |a Una lucha a cielo abierto:   |b el caso del frente Amplio Opositor a Minera San Xavier /  |c María Julieta Lamberti  
773 |g páginas 303-331  
999 |c 27423  |d 27423